00345nam a2200121Ia 4500008004100000020002200041041000800063082002400071100001800095245005000113260005100163300000900214230411s9999 xx 000 0 und d a978-93-86827-34-0 aeng aAD/610.6/PRA/B09039 aRatna Prakash aTextbook of Nursing Education for BSc Nursing bCBS Publishers & DistributorsaNew Delhic2016 a322p